[Event "Dortmund SuperGM 41st"]
[Site "Dortmund"]
[Date "2013.07.29"]
[Round "4"]
[White "Leko, Peter"]
[Black "Adams, Michael"]
[Result "1/2-1/2"]
[WhiteElo "2737"]
[BlackElo "2740"]
[Annotator "Marin,M"]
[PlyCount "54"]
[EventDate "2013.07.26"]
[EventType "tourn"]
[EventRounds "9"]
[EventCountry "GER"]
[EventCategory "19"]
[SourceTitle "CBM 156"]
[Source "ChessBase"]
[SourceDate "2013.09.17"]
[SourceVersion "1"]
[SourceVersionDate "2013.09.17"]
[SourceQuality "1"]

1. d4 Nf6 2. c4 e6 3. Nc3 d5 4. cxd5 exd5 5. Bg5 c6 6. Qc2 Be7 7. e3 Nbd7 8.
Bd3 h6 9. Bh4 {The insertion of ...h7-h6 is not the main line, but coincidence
has meant that for this same issue I have written an article on it. In my
lines, the white knight goes to f3 and Black plays ...Nf6-e4. For diversity,
this game is an excellent complement.} Nh5 10. Bxe7 Qxe7 11. Nge2 Nb6 {With
the pawn on h7, there would be no immediate danger of Bxh7, as ...g7-g6 would
trap the bishop. Sill, as the game progresses, Black sometimes needs to care
about the h7-pawn, which is hardly the case now.} 12. O-O {Played solidly.} (
12. O-O-O {is an important alternative. The king is safer on the queenside,
but the minority attack b2-b4-b5 requires rather thorough preparing with the
king nearby. Besides, the f2-, g2- and -h2 squares are less well defended.} Be6
(12... Bd7 13. Kb1 (13. Ng3 Nxg3 14. hxg3 O-O-O {This is just one example when
the h-pawn is safe precisely because of ...h7-h6.} 15. Kb1 Kb8 16. Rc1 Rhe8 17.
Ka1 Rc8 18. Rhd1 h5 {With excellent play for Black, Zhu Chen (2505)-Short,N 
(2682)/Jinan 2002/CBM 091 (1/2, 34)}) 13... O-O-O 14. Nc1 g6 ({I would rather
consider} 14... Kb8 15. Nb3 Bc8 16. Nc5 Nf6 17. Rc1 Nfd7) 15. Rhe1 Kb8 16. Nb3
Ng7 {[%cal Gd7f5]} 17. f3 Be6 18. Qf2 Qc7 19. Rc1 Nc4 $2 {The knight will be
just hanging here.} 20. Nc5 Bc8 21. e4 $16 {Sorin,A (2501)-Hoffman,A (2524)/
Buenos Aires 1999/CBM 074/[Baburin] (1-0, 31)}) 13. Kb1 O-O-O 14. Nc1 (14. Rc1
Kb8 15. Rhd1 Rhe8 16. Ka1 Bc8 17. Ng3 Nxg3 18. hxg3 Qf6 19. Rf1 Bg4 20. Nb1 Nc8
$1 {Transferring the knight to the optimal d6-square.} 21. Nd2 Nd6 22. Qa4 Bf5
23. Be2 Be4 $11 {With all his pieces (including the minor pieces) optimally
placed, Black has little to fear.}) 14... Kb8 15. Nb3 Bc8 16. Ka1 Nd7 {This
loses time.} ({I would use the other knight to fight for the c5-square.} 16...
Nf6 17. Nc5 Nfd7 18. b4 $6 Nc4 $1 {[%csl Gb4][%cal Gb7b6]}) 17. Rc1 Nhf6 18.
Rhe1 Qd6 19. h3 Rhe8 20. f3 Qg3 21. a4 Nb6 22. e4 dxe4 23. fxe4 Be6 24. Nc5 {
The game is very tense, but Black needs an immediate tactical solution to
avoid being pushed back, Sakaev,K (2619)-Matsenko,S (2429)/Budva 2009/CBM 130 
(1-0, 52)} Rxd4 $5 25. Ne2 Qxd3 $3 26. Nxd3 Rxa4+ 27. Qxa4 (27. Kb1 Ba2+ 28.
Ka1 Bb3+) 27... Nxa4 $44) 12... O-O {In this position, the extra move ...h6 is
essential.} 13. Rab1 {This natural move, preparing the minority attack, will
be neutralised by a strong novelty.} ({In my view,} 13. Rae1 {followed by
Nc1-b3 and f3, e4, looks more consistent, see Vyzmanavin,A (2605)-Smagin,S 
(2545)/Elista 1995/CBM 050/[Baburin] (1-0, 72)}) 13... a5 $1 $146 (13... Bg4
14. b4 a6 15. a4 Bxe2 16. Nxe2 Rfc8 17. Qc5 Qc7 18. Bf5 Nc4 $5 {[%cal Gb7b6]}
19. b5 axb5 (19... cxb5 $2 20. Bxc8 $1) 20. axb5 Rcb8 21. bxc6 bxc6 22. Nc3 $14
{Macieja,B (2612)-Simonian,H (2461)/Warsaw 2011/CBM 143 Extra (1-0, 62)}) 14.
Qb3 ({If} 14. a3 a4 {White cannot coordinate his forces to get the a4-pawn:}
15. Qd1 Bg4 16. Bc2 Qg5 17. Kh1 Nf6 18. h3 (18. f3 Bd7 $15 {[%csl Ge3]}) 18...
Nc4 $1 {[%cal Gb7b5] White cannot prevent ...b7-b5 with great play for Black.}
19. Bxa4 $6 (19. hxg4 $2 {leads to forced mate:} Qh4+ 20. Kg1 Nxg4 21. Re1
Qxf2+ 22. Kh1 Qh4+ 23. Kg1 Qh2+ 24. Kf1 Ncxe3#) 19... Qh5 20. Bc2 Bxh3 $1 $17)
14... Qd8 ({There does not seem to be anything wrong with} 14... Qb4 $5) 15.
Na4 Nxa4 16. Qxa4 {White is getting close to starting his queenside attack,
but since this will require the knight on c3, the kingside will be left with
insufficient defence.} Bg4 17. Nc3 (17. Qc2 Re8 18. a3 a4) 17... Re8 18. Qc2
Qg5 19. Kh1 Nf6 20. a3 {Finally! But it is too late to claim an advantage.} Qh5
21. b4 axb4 22. axb4 Bf3 $5 {The simplest. Black threatens not only ...Bxg2+
with perpetual check, but also ...Ng4, winning.} 23. gxf3 (23. Bf5 {would
parry both threats, but after} Ra3 {White's pieces would be hanging.}) 23...
Qxf3+ 24. Kg1 Qg4+ 25. Kh1 Qf3+ 26. Kg1 Qg4+ 27. Kh1 Qf3+ 1/2-1/2

[Event "Capablanca Memorial Elite 40th"]
[Site "Havana"]
[Date "2005.05.18"]
[Round "13"]
[White "Arencibia Rodriguez, Walter"]
[Black "Bruzon Batista, Lazaro"]
[Result "0-1"]
[WhiteElo "2530"]
[BlackElo "2669"]
[Annotator "Marin,M"]
[PlyCount "82"]
[EventDate "2005.05.06"]
[EventType "tourn"]
[EventRounds "14"]
[EventCountry "CUB"]
[EventCategory "15"]
[SourceTitle "CBM 107"]
[Source "ChessBase"]
[SourceDate "2005.08.01"]
[SourceVersion "1"]
[SourceVersionDate "2005.08.01"]
[SourceQuality "1"]

1. d4 Nf6 2. c4 e6 3. Nf3 d5 4. Nc3 c6 5. Bg5 Nbd7 6. cxd5 exd5 7. e3 Be7 8.
Bd3 O-O 9. O-O Re8 10. Qc2 Nf8 11. h3 g6 12. Bxf6 Bxf6 13. b4 {This is
doubtlessly an easy way to carry out the thematic advance of the pawn to b4,
but the next step will be much harder, since b5 can be generally answered with
...c5, when the pair of bishops could prove dangerous.} Be6 14. Rab1 (14. a4 {
is meant to initiate a plan of concentrating the pieces on the queen side
before playing b5.} Rc8 15. Rfc1 Qd6 16. Qb3 Nd7 17. Ne2 Be7 {Black placed all
his pieces in optimal way to meet b5 with ...c5.} 18. b5 c5 $1 19. dxc5 Nxc5
20. Qd1 Bf6 21. Nfd4 Bd7 22. Bc2 Bg7 23. Bb1 a6 24. Ba2 axb5 25. axb5 Ne6 26.
Qd2 Red8 27. Rab1 Rxc1+ 28. Rxc1 Ra8 29. Bb3 Ra3 30. Rb1 Nxd4 31. Nxd4 Bxd4 32.
Qxd4 Bf5 33. Rb2 Ra1+ 34. Bd1 b6 35. Rd2 Rb1 $11 {1/2-1/2 Karpov,A (2780)
-Piket,J (2670)/Monte Carlo 1995/CBM 046 ext (54)}) ({The immediate} 14. b5 {
can also be answered with} c5 $1 {for instance} 15. dxc5 Rc8 16. Nd4 Rxc5 17.
Qb3 Nd7 (17... Bc8 $5 {/\ Ne6}) 18. Na4 Rc8 19. Rac1 (19. Nxe6 $5) 19... Rxc1
20. Rxc1 Bxd4 21. exd4 Bxh3 $1 $36 {1/2-1/2 Cebalo,M (2540)-Smagin,S (2550)/
Pula 1991/TD (37)}) 14... Rc8 {/\...Nd7} ({Black can also start with} 14... Nd7
{, of course.} 15. a4 Rc8 16. Ne2 a6 17. Nf4 b5 18. a5 Nf8 19. Rb3 Qd6 20. Rc1
Bd7 21. Be2 Bf5 22. Bd3 Bd7 23. Be2 Bf5 {1/2-1/2 Nogueiras,J (2570)-Beliavsky,
A (2585)/Reggio Emilia 1986/CBM 004}) 15. Rfc1 Nd7 {Bruzon decides to deviate
from a previous game of his, apparently fearing an improvement frpom White's
part.} (15... Be7 16. a4 Bd6 17. a5 {White decides to block the queen side in
order to get the c5-square for his knight and open the centre.} (17. b5 c5 18.
dxc5 Rxc5 19. Qd2 Qf6 $11) 17... a6 18. Na4 Rc7 19. Nc5 Bc8 20. Re1 Ne6 21. e4
(21. Rbc1) 21... dxe4 22. Nxe4 Bf8 23. Bc4 Bg7 $13 {1/2-1/2 Lalic,B (2542)
-Bruzon Bautista,L (2613)/Merida 2002/CBM 091 ext (42) Black has regrouped in
optimal way and keeps the d4-pawn under strong pressure.}) 16. Na4 {><c5} a6
17. Nc5 Nxc5 $5 {A somewhat surprising decision. Usually, Black doesn't allow
the opening of the b-file, especially if his a-pawn had moved forward prior to
this, leaving the b6-square weak. In taking this decision, Bruzon had a
concrete plan in his mind. The previous simplifications as well as his pair of
bishops will help him to regroup in optimal way, in order to neutralise both
the pressure along the b-file and any attempt of king side expansion. However,
only innacurate play from White's part will render this plan successful; I
suspect that White should be slightly better.} 18. bxc5 (18. Qxc5 Be7 19. Qc2
Bd6 20. Qb3 Qf6 {/\Bxh3} 21. Nd2 Qg5 22. Kf1 Bf5 (22... f5 $5 {/\|^}) 23. a4
Bxd3+ 24. Qxd3 Qe7 25. b5 cxb5 $5 26. axb5 a5 $132) 18... Rc7 19. Rb3 Bc8 {
[%csl Rb7]} 20. Nh2 Qe7 21. Kh1 Qf8 22. Rg1 Kh8 {It is not clear whether this
move is useful in any way.} (22... Bd8 $5 23. g4 Rce7) 23. g4 Bd8 24. Qd2 Rce7
25. Bc2 Bc7 {Black has finished his planned regroupment. The b7-pawn is safely
defended, while the pawn break e3-e4 is hard to carry out. White will try to
win space on the king side, but this will only weaken his dark squares.} 26. f4
$6 {Probably missing Black's reply.} (26. g5 $5 f6 (26... Bxh3 27. e4 Be6 28.
e5 $44 {ץc7}) 27. h4 $14 {/\f4}) 26... Qh6 27. Qf2 g5 $1 {Black opens the
c7-h2 diagonal.} (27... Qxh3 $6 {would justify White's plan after} 28. e4 Qh6
29. g5 Qg7 30. e5 $44 {when the darks-quared bishop would be severly
restricted by the enemy pawns.}) 28. fxg5 Qxh3 29. Qf6+ $2 (29. e4 Qxh2+ 30.
Qxh2 Bxh2 31. Kxh2 dxe4 $132 {/\Be6-d5, קa2.}) 29... Kg8 30. Qh6 Qxh6 31. gxh6
Rxe3 $17 {White lost a pawn without any compensation.} 32. Nf3 Rxb3 33. axb3
Re6 34. g5 Re3 35. Re1 Rxe1+ 36. Nxe1 Bf4 37. Nf3 f6 38. gxf6 Kf7 39. Bxh7 Kxf6
40. Kg2 Bxh6 41. Bc2 Be3 0-1

[Event "Sigeman & Co 13th"]
[Site "Malmo/Copenhagen"]
[Date "2005.04.20"]
[Round "5"]
[White "Nakamura, Hikaru"]
[Black "Iordachescu, Viorel"]
[Result "1/2-1/2"]
[WhiteElo "2657"]
[BlackElo "2609"]
[Annotator "Marin,M"]
[PlyCount "93"]
[EventDate "2005.04.15"]
[EventType "tourn"]
[EventRounds "9"]
[EventCountry "SWE"]
[EventCategory "13"]
[SourceTitle "CBM 107"]
[Source "ChessBase"]
[SourceDate "2005.08.01"]
[SourceVersion "1"]
[SourceVersionDate "2005.08.01"]
[SourceQuality "1"]

1. c4 e6 2. Nc3 d5 3. d4 Be7 4. cxd5 exd5 5. Nf3 Nf6 6. Bg5 O-O 7. e3 Nbd7 8.
Bd3 Re8 9. Qc2 Nf8 10. O-O c6 11. a3 (11. Rab1 a5 12. a3 {is a more common
move order to reach the game position.}) 11... a5 12. Rab1 {Once considered to
be White's main weapon in this system, the immediate attempt to launch the
minority's attack has been not too fashionable lately. One of the possible
reasons is the discovery of the fact that Black can slow down White's plan by
indirect means, creating some king side threats and keeping an eye on the
queen side at the same time. True, this requires a high degree of accuracy
from Black.} Bd6 $5 {This is asubtle move. Black intends to win time with 13...
Bg4 14.Nd2 Bh5, which creates the threat of winning material with 15...Bxh2+
16.Kxh2 Ng4+, while aiming to exchange the light squared bishops with ...Bg6,
thus rendering the minority's attack less dangerous.} 13. Bh4 (13. b4 Bg4 14.
Nd2 Bh5 (14... Bd7 $5 {, with the same threat, was also played, but the
practical material available is hardly relevant since White usually offered a
repetition of moves with} 15. Nf3) 15. h3 (15. Bh4 {would transpose below}) ({
White has no time for} 15. bxa5 {because of} Bxh2+) 15... axb4 16. axb4 {
(In the game, this exchange was actually carried out earlier, but for the case
of other moves than 15.h3 Black might want to keep the pressure against the
a3-pawn, see the comments on the main game.)} h6 (16... b5 $5 {/\h6, ^^, קh3}
17. e4 Ne6 18. Bxf6 gxf6 $132) 17. Bxf6 Qxf6 18. Rfe1 (18. b5 $1) 18... g5 (
18... b5 $5) 19. g3 Bg6 20. b5 h5 21. bxc6 bxc6 22. Rb6 h4 23. g4 Ra3 24. Kg2
Bxd3 25. Qxd3 Ne6 26. Nf3 $14 {1-0 Gauglitz,G (2365)-Boensch,U (2460)/Dresden
1985/MCL (38)}) ({For the more sophisticated} 13. Rfe1 {Ivanchuk,V (2739)
-Bruzon Bautista,L (2669) Capablanca mem Elite 40th 2005 (7) 1/2 see the game
from this same issue}) 13... Bg4 14. Nd2 Bh5 {(/\Bxh2+)} 15. Bg3 (15. b4 {
Personally, I prefer} Bg6 $5 {for instance:} (15... Bxh2+ $2 16. Kxh2 Ng4+ {
is not working now because of} 17. Kh3 $1 (17. Kg3 $2 Qd6+ $19) 17... Qd6 (
17... g5 18. Bf5 $5)) (15... axb4 $6 {might be premature. Black should not
help White get rid of his a3-pawn, which creates him some trouble with playing
b4-b5.} 16. axb4 Bg6 17. b5 Bxh2+ $2 (17... Bxd3 18. Qxd3 Ng6 19. Bg3 Bxg3 20.
hxg3 h5 21. Qf5 h4 22. g4 Ne7 23. Qf3 Qd7 24. bxc6 bxc6 25. g5 Nh7 26. Qh5 Ra3
27. Rbc1 Ng6 28. Nf3 Qf5 29. Nxh4 Nxh4 30. Qxh4 Nxg5 31. Ne2 Qf6 32. Qf4 Qxf4
33. Nxf4 $14 {/= 1/2-1/2 Volkov,S (2554)-Bocharov,D (2438)/Elista 2000/CBM 079
(84) Black is in no real danger of losing, but White enjoys a long term
advantage because of his better pawn structure.}) 18. Kxh2 Ng4+ 19. Kg3 $1 {
Curiously, if compared with the previous case when the sacrifice was examined,
the possible king moves have reversed roles here.} (19. Kh3 $2 Qd7 $1 20. Kg3
Nxe3 $1 $40 {or even 20...Rxe3+!?}) 19... Nxe3 20. Bxd8 Nxc2 21. Bxg6 Nxg6 22.
Bb6 $1 $18 {><d4}) 16. Ne2 {places the knight on a vulnerable square and
unexpectedely allows} (16. bxa5 {is a threat Black should be permanently aware
of, but here it doesn't seem to be too dangerous:} Qc7 $5 {(Once White has
made a concession regarding his pawn structure, Black can afford to spoil his
king side pawns as well, especially that the f5-square is controlled by the
bishop.)} 17. Bxf6 gxf6 18. g3 Rxa5 $132 {קa3}) (16. Bxg6 Nxg6 17. Bg3 Bxg3
18. hxg3 Qd6 {offers Black chances for a king side attack:} 19. Qb3 (19. bxa5
$5) 19... axb4 20. axb4 h5 21. b5 h4 $1 $36 22. gxh4 $2 Ng4 23. g3 (23. Nf3
Nxh4 $19) 23... Rxe3 $1 $19) (16. Bg3 Re7 {transposes to the main game}) 16...
Bxh2+ $1 17. Kxh2 Ng4+ 18. Kg3 Nxe3 $1 19. fxe3 (19. Bxd8 Nxc2 $19 {פe2})
19... Rxe3+ 20. Kf2 Qxh4+ 21. Kxe3 Re8+ 22. Ne4 $8 Qg5+ 23. Nf4 Bxe4 24. Kd2
Ne6 $36) 15... Bg6 16. b4 Re7 $1 {Black defends the b7-pawn in advance, in
order to neutralize the potential threat of bxa5. In doing so, he takes
advantage of the early bishop retreat to g3, which releases the pressure
against the f6-knight.} 17. Ne2 {Not finding a constructive way to carry out
b4-b5, White decides to initiate a manoeuvring phase.} (17. Bxg6 Nxg6 18. Bxd6
Qxd6 19. Qb3 axb4 20. axb4 Ng4 21. g3 h5 $36) 17... Bxg3 18. Nxg3 {White
decides to avoid the creation of doubled king side pawns, in order to prevent
an eventual counterplay. However, his last move will drive the knight to far
from the queen side and, especially, from the b5-square.} (18. hxg3 axb4 19.
axb4 Qd6 20. b5 Ng4 $5 $132) 18... Qd6 19. Rfc1 (19. b5 $6 cxb5 $1 20. Bxg6 (
20. Rxb5 Qxa3) 20... hxg6 21. Qa2 b4 22. axb4 a4 $1 $132) (19. Bxg6 $5 hxg6 20.
Qc5 Qc7 21. b5 Ne6 22. Qc1 c5 $13) 19... Ne6 20. Nf3 (20. Ne2 Ng4 21. g3 Ng5
$36 22. Kg2 $2 Rxe3 $1 $19) 20... axb4 21. axb4 Nc7 {Now, the b5-square will
be very difficult to unblock.} 22. Ne5 (22. Ne2 {/\Nc3, b5} Bxd3 23. Qxd3 Ne4
$11) 22... Bxd3 23. Nxd3 g6 24. Ra1 Rb8 25. Ra2 Kg7 26. Rca1 h5 27. Nf1 Ne4 28.
Nd2 h4 29. h3 g5 30. Nf3 f6 31. Nc5 Qd8 32. Nd2 Nd6 {Black has arranged his
pieces in optimal way and can look with optimism into the future. The control
of the open a-file only helps White maintain the balance even.} 33. Re1 Qe8 34.
Qd3 Qh5 35. f3 Rbe8 36. Nf1 Qg6 37. Qxg6+ Kxg6 38. Kf2 Ncb5 39. Rea1 Nc3 40.
Ra3 Ncb5 41. Ra8 b6 42. Rxe8 Rxe8 43. Nb3 Nc4 44. Ke2 f5 45. Kd3 Nb2+ 46. Kc2
Nc4 47. Kd3 1/2-1/2

[Event "Capablanca Memorial Elite 40th"]
[Site "Havana"]
[Date "2005.05.12"]
[Round "7"]
[White "Ivanchuk, Vassily"]
[Black "Bruzon Batista, Lazaro"]
[Result "1/2-1/2"]
[WhiteElo "2739"]
[BlackElo "2669"]
[Annotator "Marin,M"]
[PlyCount "87"]
[EventDate "2005.05.06"]
[EventType "tourn"]
[EventRounds "14"]
[EventCountry "CUB"]
[EventCategory "15"]
[SourceTitle "CBM 107"]
[Source "ChessBase"]
[SourceDate "2005.08.01"]
[SourceVersion "1"]
[SourceVersionDate "2005.08.01"]
[SourceQuality "1"]

1. d4 d5 2. c4 e6 3. Nc3 Be7 4. Nf3 Nf6 5. Bg5 O-O 6. Qc2 Nbd7 7. cxd5 exd5 8.
e3 Re8 9. Bd3 Nf8 10. O-O c6 11. Rab1 a5 12. a3 Bd6 {Nakamura,H (2657)
-Iordachescu,V (2609) Sigeman & Co 13th 2005 (5) 1/2 For more details about
this variation, see the comments to the game pblished in the same issue of CBM,
} 13. Rfe1 $5 {This half-waiting move cleares the f1-square for the knight in
order to overdefend the h2-square if necessary and adds more force to an
eventual advance of the e-pawn, once the black bishop has left the h4-d8
diagonal.} Bg4 14. Nd2 (14. Ne5 Bxe5 15. dxe5 Rxe5 16. f4 {(/\ f5, ץg4)} Rxg5
$1 17. fxg5 N6d7 18. Qf2 Ne5 19. Bf5 Qxg5 $44 {1/2-1/2 Deze,A (2405)-Petrosian,
A (2460)/Novi Sad 1983/MCD (35)}) 14... Bh5 (14... Ng6 $6 15. h3 $6 (15. e4 $5
$14 dxe4 $6 16. Ndxe4 Be7 17. Nxf6+ Bxf6 18. Rxe8+ Qxe8 19. Bxf6 $16) 15... Bd7
16. f4 h6 17. Bxf6 Qxf6 18. Nf3 Nh4 19. Ne5 Bf5 20. Na4 Bxd3 21. Qxd3 Qd8 22.
Rbd1 Bxe5 23. dxe5 f6 {0-1 Balashov,Y (2534)-Belozerov,A (2487)/Smolensk 2000/
CBM 077 (62)}) (14... Bd7 15. Nf1 $1 (15. Bh4 $6 Bxh2+ 16. Kxh2 Ng4+ 17. Kg3 g5
18. Bf5 Nh6 $1 19. Bxd7 gxh4+ 20. Kh2 Qxd7 $15) (15. h3 $6 {קh3}) 15... Ng6
16. b4 axb4 17. axb4 h6 18. Bxf6 Qxf6 19. b5 $14 {1-0 Gyimesi,Z (2605)-Pinter,
J (2560)/Balatonlelle 2002/EXT 2004 (71)}) 15. Bh4 (15. Nf1 Bg6 16. Na4 (16. b4
h6 $5 (16... axb4 17. axb4 h6 18. Bxf6 Qxf6 19. b5 Bxd3 20. Qxd3 Ng6 {[%cal
Yg6e7,Ye7f5,Yf6f5]} 21. bxc6 $14 {1/2-1/2 Alterman,B (2590)-Gabriel,C (2565)/
Bad Homburg 1996/CBM 055/[Tsesarsky]}) 17. Bxf6 Qxf6 {קa3} 18. bxa5 $140 (18.
b5 $2 {is impossible in view of} Bxa3) 18... Qe7 {/\...Rxa5} 19. Bxg6 Nxg6 20.
Qb3 (20. Qa4 b5 $1 $15) 20... Reb8 $13) 16... Bxd3 17. Qxd3 h6 18. Bh4 Ng6 19.
Bxf6 Qxf6 20. g3 h5 21. Kg2 h4 22. f4 Ne7 23. g4 g5 24. f5 Kg7 25. Nc3 (25. h3
Ng8 26. Nc3 Qd8 {/\Nf6}) 25... h3+ $5 26. Kh1 Ng8 27. e4 dxe4 28. Nxe4 Qd8 29.
Qxh3 Bf4 30. Rbd1 Qd5 31. Qg2 Rad8 32. Nfg3 Bxg3 33. hxg3 Nf6 $15 {0-1
Tomaszewski,R (2435)-Boensch,U (2530)/Polanica Zdroj 1987/CBM 005 (46)}) 15...
Bg6 16. Nf3 Bxd3 17. Qxd3 N8d7 $1 {Over-defending the f6-knight in view of
White's obvious threat to open the centre.} 18. e4 {Black will have little
problems neutralising White's initiative after this thematic pawn break, but
it is hard to recommend anything more effective for White.} dxe4 19. Nxe4 Be7
20. Nxf6+ Bxf6 21. Rxe8+ Qxe8 22. Re1 Qd8 23. Bxf6 Nxf6 24. g3 g6 25. h4 Kg7
26. Re5 h5 27. Qe2 Nd5 $11 {The control of the only open file ensures White
reasonable compensation for Black's better pawn structure and stability in the
centre, but not more than that.} 28. Ng5 Qd7 29. Ne4 b6 30. Nc3 Nxc3 31. bxc3
b5 32. Qe4 Rd8 33. Kg2 b4 34. Rxa5 bxc3 35. Rc5 Qxd4 36. Qxd4+ Rxd4 37. Rxc3
Ra4 38. Kf1 c5 39. Ke2 Kf6 40. Re3 Kf5 41. Kd2 f6 42. Rf3+ Ke5 43. Re3+ Kf5 44.
Rf3+ 1/2-1/2